ბათუმის შოთა რუსთაველის სახელმწიფო უნივერსიტეტის ბიბლიოთეკა

შრომები ტ:IV (ბიბ.ჩანაწერი № 52442)

000 -LEADER
fixed length control field 01509nam a2200277Ia 4500
001 - CONTROL NUMBER
control field 19465
003 - CONTROL NUMBER IDENTIFIER
control field GE_BSU
008 - FIXED-LENGTH DATA ELEMENTS--GENERAL INFORMATION
fixed length control field 181216s||||||||xx |||||||||||||| ||und||
040 ## - CATALOGING SOURCE
Transcribing agency GE_BSU
080 ## - UNIVERSAL DECIMAL CLASSIFICATION NUMBER
Universal Decimal Classification number 821.353.1.091
100 ## - MAIN ENTRY--PERSONAL NAME
Personal name აბულაძე, ილია
245 ## - TITLE STATEMENT
Title შრომები ტ:IV
245 ## - TITLE STATEMENT
Remainder of title [ქართულ-სომხური ლიტ. ურთიერთობანი]
245 ## - TITLE STATEMENT
Statement of responsibility, etc. რედ: გ.ნინუა, ე.ცაგარეიშვილი
250 ## - EDITION STATEMENT
Edition statement საქ. სსრ მეცნ. აკად., კ. კეკელიძის სახ. ხელნაწერთა ინ-ტი.
260 ## - PUBLICATION, DISTRIBUTION, ETC.
Place of publication, distribution, etc. თბილისი
260 ## - PUBLICATION, DISTRIBUTION, ETC.
Name of publisher, distributor, etc. მეცნიერება
260 ## - PUBLICATION, DISTRIBUTION, ETC.
Date of publication, distribution, etc. 1985
300 ## - PHYSICAL DESCRIPTION
Extent 235გვ; ილ;26სმ.
300 ## - PHYSICAL DESCRIPTION
Other physical details ზოგიერთი სტატია რუს. და სომხ..
653 ## - INDEX TERM--UNCONTROLLED
Uncontrolled term ტომში იბეჭდება სხვადასხვა დროს პერიოდულ გამოცემებში გამოქვეყნებული თემატურად განსხვავებული სტატიები ქართულ,რუსულ და სომხურ ენებზე.
653 ## - INDEX TERM--UNCONTROLLED
Uncontrolled term ქართული ლიტერატურა
653 ## - INDEX TERM--UNCONTROLLED
Uncontrolled term ქართულ-სომხური ლიტერატურული ურთიერთობები;
942 ## - ADDED ENTRY ELEMENTS (KOHA)
Koha item type წიგნი
ეგზემპლარები
Withdrawn status Lost status Damaged status Not for loan Date acquired Barcode Date last seen Price effective from Koha item type
        2018-12-17 48472 2018-12-17 2018-12-17 წიგნი